3事業者以上が乗り入れている駅 - Statistics

General Stats
  • This quiz has been taken 1,432 times
    1,077 since last reset
  • The average score is 31 of 54
Answer Stats
駅名 事業者 % Correct
新宿 JR東日本、東京メトロ、都営、小田急、京王
93%
東京 JR東日本、JR東海、東京メトロ
92%
池袋 JR東日本、東京メトロ、東武、西武
90%
横浜 JR東日本、京急、相鉄、東急、横浜高速鉄道、横浜市交
90%
品川 JR東日本、JR東海、京急
89%
渋谷 JR東日本、東急、東京メトロ、京王
89%
大宮 JR東日本、東武、埼玉新都市交通
87%
名古屋 JR東海、名古屋市交、名古屋臨海高速鉄道
86%
京都 JR西日本、JR東海、近鉄、京都市交
81%
博多 JR九州、JR西日本、福岡市交
79%
新橋 JR東日本、東京メトロ、都営、ゆりかもめ
78%
新大阪 JR西日本、JR東海、OsakaMetro
78%
新横浜 JR東日本、JR東海、横浜市交、東急、相鉄
77%
北千住 JR東日本、東武、東京メトロ、首都圏新都市鉄道
76%
秋葉原 JR東日本、東京メトロ、首都圏新都市鉄道
76%
小田原 JR東日本、JR東海、小田急、小田急箱根、伊豆箱根鉄道
76%
目黒 JR東日本、東急、東京メトロ、都営
74%
日暮里 JR東日本、京成、東京都交通局
70%
高田馬場 JR東日本、西武、東京メトロ
69%
西船橋 JR東日本、東京メトロ、東葉高速鉄道
66%
五反田 JR東日本、東急、都営
66%
小倉 JR九州、JR西日本、北九州高速鉄道
63%
浅草 東京メトロ、都営、東武
59%
西日暮里 JR東日本、東京メトロ、東京都交通局
59%
金山 JR東海、名鉄、名古屋市交
59%
福島 JR東日本、阿武隈急行、福島交通
58%
藤沢 JR東日本、小田急、江ノ電
58%
押上 東京メトロ、東武、京成、都営
57%
京橋 JR西日本、京阪、OsakaMetro
57%
飯田橋 JR東日本、東京メトロ、都営
56%
米原 JR西日本、JR東海、近江鉄道
56%
南千住 JR東日本、東京メトロ、首都圏新都市鉄道
55%
長野 JR東日本、しなの鉄道、長野電鉄
55%
鶴橋 JR西日本、近鉄、OsakaMetro
51%
JR東海、伊勢鉄道、近鉄
50%
新木場 JR東日本、東京メトロ、東京臨海高速鉄道
48%
海老名 小田急、相鉄、JR東日本
47%
大井町 JR東日本、東急、東京臨海高速鉄道
45%
湘南台 小田急、相鉄、横浜市交
44%
桑名 JR東海、近鉄、養老鉄道
41%
市ケ谷 JR東日本、東京メトロ、都営
40%
福井 JR西日本、ハピラインふくい、えちぜん鉄道
38%
大垣 JR東海、樽見鉄道、養老鉄道
37%
大曽根 JR東海、名鉄、名古屋市交、名古屋ガイドウェイバス
36%
上越妙高 JR東日本、JR西日本、えちごトキめき鉄道
35%
新鎌ケ谷 北総鉄道、京成、東武
34%
寄居 秩父鉄道、JR東日本、東武
31%
上田 JR東日本、しなの鉄道、上田電鉄
31%
下館 JR東日本、関東鉄道、真岡鐵道
30%
新開地 阪神、阪急、神戸電鉄
26%
貴生川 JR西日本、近江鉄道、信楽高原鐵道
25%
東松戸 JR東日本、北総鉄道、京成
19%
上熊本 JR九州、熊本電鉄、熊本市電
18%
粟生 JR西日本、神戸電鉄、北条鉄道
16%
No matching quizzes found
Score Distribution
Percent of People with Each Score
Percentile by Number Answered
Your Score History
You have not taken this quiz since the last reset